000 00615nam a22001937a 4500
999 _c103173
_d103173
005 20221216145405.0
010 _aENG-115974 ENG-135892
020 _a9789383278077
_c750.00
035 _aEN-99506
035 _aEN-119424
037 _bDBAD/PUB
082 _a488.24
100 _dKrishna Kumar Singh
245 _aBrighten your english writing skills /
_cby Krishna Kumar Singh
260 _aDelhi
_bBook Treee Publishing House
_c2015
270 _a1376, Atma Ram Building Behind Indian Bank,Kahmiri Gate
_bDelhi
_e110032
300 _axix,283p.
_c23cm (Hb)
942 _2ddc
_cEN
_h488.24
_mKRI